000 01017nam a2200277 c 4500
001 190560
003 SpMaBN
005 20250905163447.0
008 210902s2018 sp af 001 0bspa
020 _a978-84-9988-649-7
080 _a929 Thubten Wangchen, Lama
080 _a243.4 Thubten Wangchen, Lama
100 1 _aThubten Wangchen,
_cLama.
_9173669
245 1 0 _aLejos del Tíbet :
_bsu vida y pensamiento explicados a Maria Teresa Pous Mas /
_cThubten Wangchen ; prólogo de S.S. el Dalai Lama.
250 _a1ª ed.
260 _aBarcelona :
_bKairós,
_c2018.
300 _a208 p, [8] p. de lám. col. :
_bil. ;
_c20 cm.
490 1 _aSabiduría perenne
600 1 4 _aThubten Wangchen,
_cLama.
_9173669
650 4 _aBudismo tibetano.
_9158290
700 1 _aPous i Mas, Maria Teresa,
_d1956-
_9173670
830 1 _aSabiduría perenne
_9180318
852 4 _aES-MaACL
_jA-14781
_9 197738
_bR.152527
_cDEPO1
_dOlim: N-7781
_hDonación: Editorial
942 _2udc
999 _c190560
_d190560